Adaption of a manufacturing production model for software production in an IT organisation /
Saved in:
| 主要作者: | |
|---|---|
| 格式: | Thesis 图书 |
| 语言: | English |
| 出版: |
1994.
|
| 主题: | |
| 标签: |
添加标签
没有标签, 成为第一个标记此记录!
|
| LEADER | 00859cam a2200241 a 4500 | ||
|---|---|---|---|
| 001 | u394687 | ||
| 003 | SIRSI | ||
| 008 | 940716s1994 si v 00 1 eng m | ||
| 035 | |a ABZ-8314 | ||
| 040 | |a UMM | ||
| 090 | |a QA76.76 |b D47Won | ||
| 100 | 1 | 0 | |a Wong, Tee Foon. |
| 245 | 1 | 0 | |a Adaption of a manufacturing production model for software production in an IT organisation / |c by Wong Tee Foon. |
| 260 | |c 1994. | ||
| 300 | |a ix, 76 leaves : |b ill. ; |c 30 cm. | ||
| 502 | |a Dissertation (M.Sc.) -- National University of Singapore, 1994. | ||
| 504 | |a Bibliography: leaves 61-63. | ||
| 650 | 0 | |a Computer software |x Development |x Management | |
| 650 | 0 | |a Computer software |x Quality control. | |
| 650 | 0 | |a Product management. | |
| 948 | |a 29/03/1996 |b 25/11/2000 | ||
| 596 | |a 1 | ||
| 999 | |a QA76.76 D47WON |w LC |c 1 |i A505564287 |d 29/11/2000 |l STACKS |m P01UTAMA |n 4 |r Y |s Y |t TESIS |u 22/4/1996 | ||
